Miera využitia možností moderných telekomunikačných zariadení v obchodnej praxi diplomová práca

Gespeichert in:
Bibliographische Detailangaben
1. Verfasser: Móroczová, Anikó
Körperschaft: Obchodná fakulta EU. Katedra informatiky obchodných firiem
Weitere Verfasser: Pólya, Attila
Format: Buch
Sprache:Slowakisch
Veröffentlicht: Bratislava 2014
Tags: Tag hinzufügen
Keine Tags, Fügen Sie das erste Tag hinzu!

MARC

LEADER 00000nbm a2200000 4500
001 0186277
005 20170315090441.8
041 0 |a slo 
044 |a SK 
245 1 0 |a Miera využitia možností moderných telekomunikačných zariadení v obchodnej praxi  |b diplomová práca  |c Anikó Móroczová ; školiteľ: Attila Pólya 
264 1 |a Bratislava  |c 2014 
300 |a 70 s. 
100 1 |a Móroczová, Anikó 
700 1 |a Pólya, Attila 
710 2 |a Obchodná fakulta EU. Katedra informatiky obchodných firiem